000 00481nam a2200181Ia 4500
001 2266
005 20260306143829.0
008 260306t2011||||xx |||||||||||||| ||spa||
041 _aESP
082 _a616.8522
_bM86
100 _aMoreno, Pedro
_eAUT
245 0 _aTratamiento psicológico del trastorno de pánico y la agorafobia:
_bmanual para terapeutas
260 _c2011
300 _a209 páginas :
_c22 cm.
650 _aGEN
654 _aCPS
942 _cLIB
_dJUS
_fJUS
_2ddc
_n
999 _c2266
_d2266